The Rise and Fall of a Midwest Princess-Album (Chappell Roan) - Statistics

General Stats
  • This quiz has been taken 355 times
  • The average score is 12 of 14
Answer Stats
# Track % Correct
7. HOT TO GO!
94%
5. Casual
92%
2. Red Wine Supernova
92%
1. Femininomenon
90%
11. Pink Pony Club
90%
4. Coffee
85%
8. My Kink Is Karma
83%
12. Naked In Manhattan
82%
10. Kaleidoscope
81%
13. California
80%
3. After Midnight
78%
6. Super Graphic Ultra Modern Girl
78%
9. Picture You
77%
14. Guilty Pleasure
67%
No matching quizzes found
Score Distribution
Percent of People with Each Score
Percentile by Number Answered
Your Score History
You have not taken this quiz